000 00551nam a22001937a 4500
003 KOHA_MİRAKIL
005 20251224163638.0
008 251224b tu ||||| |||| 00| 0 tur d
020 _a9786256385283
040 _aTR-AnABB
_btur
_cTR-AnABB
041 _atur
082 _a947.71
_bMAG 2023
100 1 _aMagocsi, Paul Robert,
245 1 0 _aUkrayna bir tarihsel atlas /
_cPaul Robert Magocsi
260 _aİstanbul :
_bVakıfbank Kültür Yayınları,
_c2023
300 _a371 sayfa ;
_c30 cm
650 0 4 _aUkrayna
942 _2ddc
_cBK
999 _c9969
_d9969
900 _bGizem YORULMAZ